Ընթերցարան հայ երեխաների համար / (Record no. 212761)
[ view plain ]
| 000 -LEADER | |
|---|---|
| fixed length control field | 00638nam a2200193 u 4500 |
| 001 - CONTROL NUMBER | |
| control field | 000622005 |
| 003 - CONTROL NUMBER IDENTIFIER | |
| control field | AM-YeHGA |
| 005 - DATE AND TIME OF LATEST TRANSACTION | |
| control field | 20250618073133.0 |
| 008 - FIXED-LENGTH DATA ELEMENTS--GENERAL INFORMATION | |
| fixed length control field | 070920s1869 gs r 000 0 arm d |
| 040 ## - CATALOGING SOURCE | |
| Original cataloging agency | AM-YeHGA |
| 041 0# - LANGUAGE CODE | |
| Language code of text/sound track or separate title | arm |
| 090 ## - LOCALLY ASSIGNED LC-TYPE CALL NUMBER (OCLC); LOCAL CALL NUMBER (RLIN) | |
| -- | 214274 |
| 245 00 - TITLE STATEMENT | |
| Title | Ընթերցարան հայ երեխաների համար / |
| Statement of responsibility, etc. | Աշխատասիր.՝ Գ.Տ.Ա. եւ Ա.Ե. |
| 250 ## - EDITION STATEMENT | |
| Edition statement | 3-րդ տիպ |
| 260 ## - PUBLICATION, DISTRIBUTION, ETC. | |
| Place of publication, distribution, etc. | Թիֆլիս : |
| Name of publisher, distributor, etc. | տպ. Հ. Էնֆիաճեանցի եւ ընկ., |
| Date of publication, distribution, etc. | 1869. |
| 300 ## - PHYSICAL DESCRIPTION | |
| Extent | 104 էջ ; |
| Dimensions | 19 սմ. |
| 650 14 - SUBJECT ADDED ENTRY--TOPICAL TERM | |
| Topical term or geographic name entry element | Հայոց լեզու |
| Form subdivision | Ընթերցարան |
| 9 (RLIN) | 4817 |
| 700 0# - ADDED ENTRY--PERSONAL NAME | |
| Personal name | Ա.Ե |
| Relator term | աշխատասիր. |
| Relationship | com |
| Withdrawn status | Lost status | Source of classification or shelving scheme | Damaged status | Not for loan | Collection | Home library | Current library | Date acquired | Total checkouts | Full call number | Barcode | Date last seen | Price effective from | Koha item type | Public note |
|---|---|---|---|---|---|---|---|---|---|---|---|---|---|---|---|
| Universal Decimal Classification | Levonyan Individual Collection | Fundamental Scientific Library | Fundamental Scientific Library | 29/12/2016 | Լեվ/1162 | FL0397409 | 29/12/2016 | 29/12/2016 | Գրքեր / Books | ILL Non-Circ. |
ՀՀ Գիտությունների ազգային ակադեմիայի հիմնարար գիտական գրադարան = Fundamental Scientific Library of NAS RA
All site content, except where otherwise noted, is licensed under a